[Event "CRO-chT1A 20th"]
[Site "Sibenik"]
[Date "2011.10.10"]
[Round "7.5"]
[White "Bologan, Viktor"]
[Black "Naiditsch, Arkadij"]
[Result "1-0"]
[WhiteElo "2656"]
[BlackElo "2707"]
[Annotator "CB"]
[PlyCount "70"]
[EventDate "2011.10.04"]
[EventType "team-tourn"]
[EventRounds "9"]
[EventCountry "CRO"]
[SourceTitle "CBM 144 Extra"]
[Source "ChessBase"]
[SourceDate "2011.10.28"]
[SourceVersion "1"]
[SourceVersionDate "2011.10.28"]
[SourceQuality "1"]
[WhiteTeam "Slavonski Brod"]
[BlackTeam "Rijeka Liburnija"]
[WhiteTeamCountry "CRO"]
[BlackTeamCountry "CRO"]

1. e4 e5 2. Nf3 Nc6 3. Bb5 Nf6 4. O-O (4. Qe2 {avoids the queenless middlegame
and like 4 d3, which could equally be played, aims for a less technical
struggle.} Bc5 5. c3 O-O 6. d3 Re8 7. h3 d5 8. Ba4 a6 9. Nbd2 b5 10. Bc2 Bb6
11. Nf1 b4 12. Ng3 bxc3 13. bxc3 d4 14. Ba4 Bd7 15. Bxc6 Bxc6 16. c4 Ba5+ 17.
Bd2 Bxd2+ 18. Qxd2 Nd7 19. Qa5 Qe7 20. O-O Qc5 21. Qd2 Rab8 22. Nf5 f6 23. Nh2
Nf8 24. f4 Ng6 25. fxe5 Nxe5 26. Qf2 Re6 27. Ng4 Nxg4 28. hxg4 Rd8 29. g5 Qe5
30. Qh4 Rf8 31. Rf3 Be8 32. Raf1 Kh8 33. Nxg7 Kxg7 34. Qh6+ Kg8 35. gxf6 Rf7
36. Rf5 Qd6 37. Rg5+ Kh8 38. Rg7 {1-0 Gashimov,V (2760)-Nielsen,P (2681)/
Khanty Mansiysk 2011}) 4... Nxe4 5. d4 Nd6 6. Bxc6 dxc6 7. dxe5 Nf5 8. Qxd8+
Kxd8 9. Nc3 {I will look at this position optimistically from White's point of
view. I have a kingside pawn majority, which I hope to make the main feature
of the position with a gradual advance. I can perhaps make it inconvenient for
the Black King stuck in the centre. Turning the board round I see patience
will be needed. The Black King can hold his own in the middle,so Black's first
task will be to create counterplay, maybe on the queenside, maybe against the
slowly advancing kingside pawns. But all this must come slowly. Altogether I
think this is a system suitable as Black ONLY for masters. I don't see average
players enjoying Black's defensive task at all.} h6 10. h3 Bd7 (10... Ne7 {
has been preferred by Magnus Carlsen:} 11. Be3 (11. Bf4 Ng6 12. Bh2 Bb4 13. Ne4
Bf5 14. Ng3 Bd7 15. Nh5 Rg8 16. g4 Ke8 17. Bg3 Be6 18. Nd4 Bc4 19. Rfd1 Ne7 20.
a3 Ba5 21. Nb3 Bxb3 22. cxb3 Bb6 23. Kh2 Nd5 24. f4 Rd8 25. f5 {1/2-1/2
Jakovenko,D (2716) -Sargissian,G (2658)/Rogaska Slatina 2011}) 11... Ke8 12.
Rad1 Bd7 13. a3 Rd8 14. Rfe1 a6 15. Ne4 Bf5 16. Nc5 Rxd1 17. Rxd1 Bc8 18. Nd3
Ng6 19. Nf4 Nxf4 20. Bxf4 Be7 21. Nd4 Bc5 22. Be3 Bxd4 23. Rxd4 {# Anand has
done most of what is expected of him, but the position is very dry.} Ke7 24. f3
Rd8 25. Rxd8 Kxd8 26. g4 h5 27. Kf2 g6 28. Bg5+ Ke8 {1/2-1/2 Anand,V (2817)
-Carlsen,M (2823)/Sao Paulo/Bilbao 2011 This sort of game is acceptable at the
highest level, but of course, it is utterly dull.}) 11. b3 c5 12. Rd1 Kc8 13.
Nd5 a5 14. a4 $14 {I like White's position. he has blocked the queenside, to a
degree closed down the Black Bishops and is getting ready slowly for the
eventual advance of those pawns. The game will not win a beauty prize, but
Bologan will say ' so what'?} Ne7 (14... g5 15. Bb2 Be6 16. c4 b6 17. Kh2 Ne7
18. g4 Ng6 19. Kg3 Be7 $14 {is still a bit better for White,yet he contrived
to lose in a few more moves:} 20. Nf6 Kb7 21. Nh5 Rhg8 22. Ng1 Rad8 23. Ne2 Bd7
24. Rd2 $4 {Unprotected pieces cause problems.....even for the greatest.} Bxa4
25. Rxd8 Rxd8 {0-1 Svidler,P (2735)-Ponomariov,R (2733)/Astrakhan 2010 Black's
Rook is about to appear on d2.}) 15. c4 Bf5 16. Ra2 Ra6 $1 17. Ne3 Be4 18. Nd2
Bh7 19. f4 Nc6 20. g4 {There is no doubt about it: Black has counterplay. To
advance the kingside pawns at this time is a bit loose, but Bologan's courage
is rewarded on this occasion.} (20. Nf3 Be4 21. Kf2 {was more circumspect,but
Black is well in the game after} g5 $5 $132) 20... Nb4 21. Ra1 h5 ({Surely} 
21... Nd3 $1 {was better:} 22. f5 Nxe5 23. Ne4 Rb6 (23... Nf3+ 24. Kf2 Nd4 $132
) 24. Ra3 Nf3+ 25. Kf2 Nd4 $132 26. Nd5 Rc6 $13 (26... Rxb3 27. Rxb3 Nxb3 28.
Bf4 $16)) 22. f5 {The point is to shut in the Bishop on h7 for good.} hxg4 23.
hxg4 f6 24. exf6 ({Bologan might have preferred} 24. e6 g6 25. Ba3 {but Black
has plenty of counterplay after} gxf5 26. gxf5 Nd3 27. Nf3 Rg8+ 28. Kf1 Rd6)
24... Rxf6 25. Ne4 Rh6 26. Bb2 Rh3 {The game is flaring up, but Black is
fighting with his hands tied whilst the Bishop on h7 is getting in the way.}
27. Kf2 Bg8 28. f6 Rh2+ 29. Ng2 R8h3 (29... Bh7 30. fxg7 Bxg7 31. Bxg7 Rg8 32.
Nf6 Rxg7 33. Rh1 $1 Rxh1 34. Rxh1 $16) 30. Be5 $1 Bh7 31. Bxh2 Bxe4 32. Bg3 {
The smoke clears and White has emerged material ahead.} gxf6 33. Nf4 Rh8 34.
Re1 Bc6 35. Rad1 Nc2 {The struggle in the queenless middlegame is heavy duty
and not suitable for the average player at all from either side of the board.
I prefer 4 d3 or 4 Qe2 from White's perspective, which offer chances of a
full-blooded game, with all the pieces on the board.} 1-0

[Event "Sinquefield Cup 4th"]
[Site "Saint Louis"]
[Date "2016.08.14"]
[Round "9"]
[White "Vachier Lagrave, Maxime"]
[Black "So, Wesley"]
[Result "1/2-1/2"]
[WhiteElo "2819"]
[BlackElo "2771"]
[Annotator "CB"]
[PlyCount "94"]
[EventDate "2016.08.05"]
[EventType "tourn"]
[EventRounds "9"]
[EventCountry "USA"]
[EventCategory "22"]
[SourceTitle "CBM 174"]
[Source "ChessBase"]
[SourceDate "2016.09.13"]
[SourceVersion "1"]
[SourceVersionDate "2016.09.13"]
[SourceQuality "1"]
[TimeControl "60"]

1. e4 {(2s)} e5 {(1s)} 2. Nf3 {(5s)} Nc6 {(2s)} 3. Bb5 {(2s)} Nf6 {(4s)} 4. O-O
{Sich in einer Must-Win-Situation auf das Berliner Endspiel einzulassen wurde
von Kasparov kritisiert - wer könnte es besser wissen als der russische
Ex-Weltmeister, der im Jahre 2000 den Titel an Kramnik abgeben musste und dies
unter anderem aufgrund der Tatsache weil er sich in seinen Weißpartien die
Zähne an der Berliner Mauer ausbiß (4s)} Nxe4 {(2s)} 5. d4 {(4s)} Nd6 {(2s)} 6.
Bxc6 {(4s)} dxc6 {(2s)} 7. dxe5 {(5s)} Nf5 {(2s)} 8. Qxd8+ {(5s)} Kxd8 {(2s)}
9. h3 {(5s)} Ke8 {(3s)} 10. Nc3 {(3s)} h5 {(2s)} 11. Bg5 {(6s)} (11. Bf4 Be7
12. Rad1 Be6 13. Ng5 Rh6 14. Rfe1 {probierte MVL in der 7. Runde gegen Nakamura
}) 11... Be6 {(8s)} 12. Rad1 {(3s)} (12. a3 {war MVLs Wahl in einer Partie
gegen Nielsen 2011.} Bd5 13. Nh4 Be6 14. Rad1 Be7 15. Nf3 Rd8 16. Rxd8+ Kxd8
17. Rd1+ Kc8 18. Bxe7 Nxe7 19. Ng5 Ng6 20. Nxe6 fxe6 21. b3 Rf8 22. Rd3 h4 23.
Rd4 Rd8 24. Rg4 Nxe5 25. Rxh4 Rd2 26. Rh8+ Kd7 27. Rh7 Rxc2 28. Rxg7+ Ke8 29.
Ne4 Nf7 30. h4 c5 31. Ng5 Nxg5 32. Rxg5 c4 33. bxc4 Rxc4 34. h5 c5 35. g3 {
1-0 (35) Vachier Lagrave,M (2710)-Nielsen,P (2693) Beijing 2011}) 12... Be7 {
(1439 s)} 13. b3 {(7s)} a5 {(195s)} (13... h4 {wurde bisher zweimal von
Kramnik gespielt, doch So weicht verzichtet auf den Raumgewinn am Königsflügel.
Der Bauer auf h4 sichert die Postion des Sf5 endgültig, doch kettet diesen
allerdings auch an die Verteidigung des Bauern.} 14. Ne4 (14. Rfe1 Rd8 15.
Rxd8+ Kxd8 16. Ne4 b6 17. Bf4 Kc8 18. Neg5 Bxg5 19. Bxg5 Bd5 20. Nh2 c5 21. Rd1
Bc6 22. c3 a5 23. Ng4 Bd7 24. f3 a4 25. Kf2 {1/2-1/2 (25) Aronian,L (2820)
-Kramnik,V (2801) Zuerich 2012}) 14... a5 (14... b6 15. c4 a5 16. Rd2 Rd8 17.
Rfd1 Rxd2 18. Bxd2 c5 19. Bf4 a4 20. Nc3 axb3 21. axb3 Bd8 22. Kf1 Rg8 23. Ne4
Bc8 24. Ra1 Bb7 25. Neg5 f6 26. exf6 gxf6 27. Ne4 Kd7 28. Rd1+ Kc8 29. Re1 Rg7
30. Nfd2 Nd4 31. f3 Bc6 32. Nf2 Bd7 33. Ng4 Bf5 34. Kf2 Kd7 35. Ne3 Bh7 36. Nd5
Bc2 37. Ne3 Bd3 38. Nd5 Nxb3 39. Nxb3 Bxc4 40. Nxc5+ bxc5 41. Rd1 Kc8 42. Nc3
Rd7 43. Rc1 Bd3 44. Na4 c4 45. Nb2 Rd5 46. Nxc4 Rc5 47. Nb2 Rxc1 48. Bxc1 Bb5
49. g3 hxg3+ 50. Kxg3 Kd7 51. Nd1 Ke6 52. Nc3 Be8 53. Be3 Be7 54. h4 c5 55. Kf2
c4 56. Ke2 Bg6 57. Bd4 f5 58. f4 Bxh4 59. Ke3 Bf7 60. Bg7 Kd6 61. Bf8+ Kc6 62.
Ne2 Be1 63. Nd4+ Kd5 64. Nxf5 c3 65. Kd3 Bg6 66. Ke2 Bxf5 67. Kxe1 {1/2-1/2 
(67) Aronian,L (2815)-Kramnik,V (2795) London 2012}) 15. a4 b6 16. Bf4 c5 17.
Neg5 Bxg5 18. Nxg5 Nd4 {1/2-1/2 (38) Caruana,F (2781)-Karjakin,S (2780) Wijk
aan Zee 2013 und Weiß muss sich schön langsam um Ausgleich bemühen}) 14. Rd3 {
(13s)} Rd8 {(289s)} 15. Rxd8+ {(36s)} Bxd8 {(9s)} (15... Kxd8 {um den König
auf den Damenflügel zu bringen ist hier vermutlich weniger gut. Prinzipiell
verträgt sich der König auf c8 schlecht mit dem Vorstoß h5, da der f7 einer
Deckung bedarf.} 16. Rd1+ Kc8 17. Bxe7 Nxe7 18. Ng5 Rd8 19. Rxd8+ Kxd8 20.
Nxe6+ fxe6 21. f4 $14) 16. Rd1 {(8 s)} Bxg5 {(37s)} 17. Nxg5 {(7s)} Ke7 {(60s)}
18. Ne2 {Weiß bewegt den Sc3 in Richtung f4, von wo aus der Druck auf den Le6
ausübt und nach möglichem Sxe6 den Bauern zum zurückschlagen zwingt. (699s)}
Nh4 $1 {(274s)} (18... Bc8 19. Nf4 {und dieser Konstellation kann Schwarz
keine Fortschritte machen, während Weiß langsam die Stellung verbessern kann.}
g6 (19... f6 20. Ng6+ $18) 20. g3 $14 {[%cal Gg1g2,Gg2f3]}) 19. g3 {(920s)} (
19. Nf4 $2 Bf5 20. c4 f6 $1 $17) 19... Ng6 20. Nxe6 {(4s)} (20. f4 Bc8 $132)
20... fxe6 $1 {(488s)} (20... Kxe6 21. f4 {und Schwarz kann die dominante
Königsstellung nicht aufrecht erhalten, Weiß droht Sd4-Sf5} c5 22. Kf2 $14) 21.
f4 {(6s)} Rf8 {[%cal Gh5h4]} (21... h4 22. g4 Rf8 23. Rd4 c5 24. Re4) 22. Rd4 {
(766s)} (22. h4 {würde alle dynamischen Ansätze zunicht machen} Rd8 $5 23. Rxd8
Kxd8 $11) 22... c5 {(96s)} 23. Re4 {(16s)} Rd8 $1 {(6s)} (23... b6 24. Kf2 {
[%cal Gf2f3,Gg3g4]}) 24. Kf2 {(5s)} Rd1 {nun kommt So zu Gegenspiel. Dies ist
auch notwendig, da bei passiver Verteidigung die weißen Bauern am Königsflügel
wohl dennoch gefährlich geworden wären. (344s)} 25. g4 {(451s)} hxg4 {(544s)}
26. hxg4 {Diagramm [#] (24s)} b5 {So möchte seine eigene Bauernmehrheit in
Bewegung setzen, da weißes f5 ohnehin schwer zu verhindern ist. (5s)} (26...
Kf7 {hätte ebenso das Gleichgewicht gehalten} 27. f5 Ne7 (27... exf5 $5 28.
gxf5 Ne7 29. Ng3 Rd2+ 30. Re2 Rxe2+ 31. Kxe2 g6 $11) 28. fxe6+ Kxe6 29. Nf4+
Kd7 30. e6+ Kd6 31. Re2 $13) 27. f5 {(483s)} (27. a4 $5 {so könnte Weiß die
Kontrolle besser behalten und das Spiel in weniger forcierte Bahnen lenken.}
Rd2 (27... c6 28. Ke3 Ra1 29. Nc3 $14) 28. Ke3 Rxc2 29. Kd3 Rb2 30. Kc3 Ra2 31.
axb5 $13) 27... Nh4 {(285s)} 28. Ng3 {(32s)} Ra1 {(1029s)} 29. a4 {(434s)} Ra2
{(14s)} 30. axb5 {(7s)} Rxc2+ {(4s)} 31. Re2 {(6s)} Rxe2+ {(400s)} 32. Kxe2 {
[%cal Ge2d3,Gd3c4,Gc4c5] Diagramm [#] dieses Endspiel sollte bei genauem Spiel
Remis sein - Wesley So zeigt in dieser wichtigen Partie keine Nerven und zeigt
Übersicht und saubere Rechenleistung.} c4 $1 {So erkennt, dass seine einzige
Chance auf eine Freibauernbildung sofort genutzt werden muss. Mittels des
gefährlichen a-Bauern lenkt er den weißen König an den Brettrand. (3s)} 33.
bxc4 {(7s)} a4 {(2s)} 34. Kd3 {(234s)} Nf3 {(62s)} 35. f6+ {(184s)} Kf7 $1 {
(57s)} (35... gxf6 {wäre ebenso Remis gewesen, doch der Partiezug macht die
schwarze Aufgabe wesentlich leichter} 36. exf6+ Kxf6 37. Ne4+ Ke5 38. Nc3 a3
39. c5 Kf4 $1 40. Kc4 Ne5+ 41. Kb3 Kxg4 42. Kxa3 Kf4 (42... Kf5 $2 43. Kb4 Kf6
(43... Nd3+ $142 44. Kc4 Ne5+ 45. Kd4 Nf3+ 46. Ke3 Ne5 47. Na4 $14) 44. Ka5 Ke7
45. Ka6 Kd7 46. Kb7 $18) 43. Kb4 Nd3+ $1 44. Kc4 Ne5+ 45. Kd4 Nf3+ $1 $11) 36.
fxg7 {(27s)} Nxe5+ {(23s)} 37. Kc3 {(4s)} a3 {(4s)} 38. c5 {Diagramm [#] (16s)}
Nd3 $1 {der letzte genaue Zug und alle Klippen sind umschifft (339s)} 39. Kb3 {
(3s)} Nxc5+ {(3s)} 40. Kxa3 {(0s)} Kxg7 {(0s)} 41. Kb4 {(0s)} Nd3+ {(404s)} 42.
Kc4 {(52s)} Ne5+ {(387s)} 43. Kc5 {(6s)} Kh6 {(36s)} 44. Ne2 {(88s)} c6 $1 {
(124s)} 45. bxc6 {(6s)} (45. b6 Nd7+ 46. Kxc6 Nxb6 47. Kxb6 Kg5) 45... Nxc6 {
(3s)} 46. Kxc6 {(2s)} Kg5 {(5s)} 47. Kd6 {(1s)} Kxg4 {(4s)} 1/2-1/2

[Event "Norway Chess 4th"]
[Site "Stavanger"]
[Date "2016.04.21"]
[Round "3"]
[White "Vachier Lagrave, Maxime"]
[Black "Eljanov, Pavel"]
[Result "1/2-1/2"]
[WhiteElo "2788"]
[BlackElo "2765"]
[Annotator "CB"]
[PlyCount "103"]
[EventDate "2016.04.19"]
[EventType "tourn"]
[EventRounds "9"]
[EventCountry "NOR"]
[EventCategory "21"]
[SourceTitle "CBM 172"]
[Source "ChessBase"]
[SourceDate "2016.05.12"]
[SourceVersion "1"]
[SourceVersionDate "2016.05.12"]
[SourceQuality "1"]

1. e4 e5 2. Nf3 Nc6 3. Bb5 Nf6 4. O-O Nxe4 5. d4 Nd6 6. Bxc6 dxc6 7. dxe5 Nf5
8. Qxd8+ Kxd8 {The starting position of the Berlin Defense. Black has the two
bishops, White has a mobile pawn majority on the kingside.} 9. h3 ({Currently
the main move is} 9. Nc3 {and literally thousands of game have been played
with this line.}) 9... Be7 (9... Ke8 10. Nc3 {transposes to the main line.})
10. Nc3 Nh4 11. Nxh4 Bxh4 12. Be3 (12. Ne2 Bf5 13. Nd4 Bd7 14. f4 Be7 15. f5
Bc5 16. Be3 Re8 17. e6 fxe6 18. Nxe6+ Bxe6 19. Bxc5 Bd5 20. Rad1 b5 21. b3 Kc8
22. Rde1 Kd7 23. Bd4 g6 24. f6 Rxe1 25. Rxe1 Re8 26. Rxe8 Kxe8 27. Bxa7 Kf7 28.
a4 bxa4 29. bxa4 Kxf6 30. a5 Ke6 31. Kf2 h5 32. Be3 Kd7 33. a6 Kc8 34. Bc5 Be4
35. c3 Bd3 36. a7 Kb7 37. Kf3 Bf1 38. Kf2 Bd3 39. Kf3 Bf1 40. Kf2 Bd3 {1/2-1/2
(40) Grischuk,A (2750)-Eljanov,P (2753) Reykjavik 2015}) 12... h5 13. Rad1+ Ke8
14. Ne2 Be7 15. Rfe1 a6 16. Bf4 g5 17. Be3 Bf5 18. Nd4 Bg6 19. e6 Rd8 20. exf7+
Kxf7 21. Nf3 Bxc2 22. Rxd8 Rxd8 23. Nxg5+ Kf6 24. Ne6 Rd1 (24... Kxe6 25. Bg5+
Kf5 26. Bxe7 Rd4 $11) 25. Bg5+ Kf7 26. Rxd1 Bxd1 27. Bxe7 Kxe6 {White's pawn
majority on the kingside became even more pronounced but the opposite-colored
but the opposite-colored bishops prevent White from making serious winning
attempts.} 28. Bd8 Kd6 29. f3 c5 30. Kf2 b5 31. Ke3 b4 32. g4 hxg4 33. fxg4 a5
34. Kf4 c4 35. Bf6 c5 36. h4 Ke6 37. Bh8 Kf7 38. h5 a4 {White cannot make
progress on the kingside.} 39. a3 Be2 40. Be5 ({Black might have dreamt of} 40.
axb4 $2 cxb4 41. Bd4 $2 c3 42. bxc3 $4 b3 43. c4 a3 $19) 40... c3 41. bxc3 bxa3
42. c4 {White must control the diagonal.} Bxc4 43. g5 {But now Black must be
careful.} Bd3 (43... Be2 $4 44. g6+ Kg8 45. h6 $18) 44. g6+ Bxg6 45. hxg6+ Kxg6
{[#] With a draw.} 46. Ke4 c4 47. Ba1 c3 48. Kd3 a2 49. Kxc3 a3 50. Kb3 Kh7 51.
Kxa2 Kg8 52. Kxa3 1/2-1/2

[Event "Wch U20 54th"]
[Site "Khanty-Mansiysk"]
[Date "2015.09.12"]
[Round "10"]
[White "Duda, Jan Krzysztof"]
[Black "Abasov, Nijat Azad"]
[Result "1-0"]
[WhiteElo "2645"]
[BlackElo "2511"]
[Annotator "CB"]
[PlyCount "49"]
[EventDate "2015.09.02"]
[EventType "swiss"]
[EventRounds "13"]
[EventCountry "RUS"]
[SourceTitle "EXT 2016"]
[Source "ChessBase"]
[SourceDate "2015.10.08"]
[SourceVersion "1"]
[SourceVersionDate "2015.10.08"]
[SourceQuality "1"]

1. e4 e5 2. Nf3 Nc6 3. Bb5 Nf6 4. O-O Nxe4 5. d4 Nd6 6. Bxc6 dxc6 7. dxe5 Nf5
8. Qxd8+ Kxd8 9. h3 Ke8 10. Nc3 h5 11. Bf4 Be7 12. Rfe1 Be6 13. Ne4 h4 (13...
Rd8 14. c3 c5 15. Nfg5 Rh6 16. b3 Bd5 17. Rad1 Rg6 18. Kf1 Rd7 19. c4 Bxg5 20.
Nxg5 Bxg2+ 21. Kxg2 Rxd1 22. Rxd1 f6 23. exf6 gxf6 24. Rd5 fxg5 25. Rxf5 gxf4+
26. Kf3 {1/2-1/2 (26) Milov,L (2465)-Zwahr,P (2327) Deizisau 2015}) 14. c3 Rh5
15. Nfg5 Rd8 16. g4 hxg3 17. fxg3 Rh6 18. Nxe6 Rxe6 19. Rad1 Rd5 20. Kf2 Kd7
21. c4 Rxd1 22. Rxd1+ Kc8 $6 (22... Ke8 23. c5 $14) 23. g4 Bh4+ 24. Kf3 Ne7 $2
(24... Nh6 $16) 25. Bg5 (25. Bg5 Bxg5 26. Nxg5 {Nun fällt f7, danach droht
Matt auf d8.} Rg6 27. Nxf7 b5 28. Rd8+ Kb7 29. Re8 Nc8 30. h4 $18) 1-0